Normal view MARC view

Entry Geographic Name

Number of records used in: 1

001 - CONTROL NUMBER

  • control field: 28857

003 - CONTROL NUMBER IDENTIFIER

  • control field: dpl

005 - DATE AND TIME OF LATEST TRANSACTION

  • control field: 20110627144544.0

008 - FIXED-LENGTH DATA ELEMENTS

  • fixed length control field: 110627|||a|||||| | ||| d

040 ## - CATALOGING SOURCE

  • Original cataloging agency: dpl
  • Transcribing agency: dpl

151 ## - HEADING--GEOGRAPHIC NAME

  • Geographic name: Social psychology
  • Geographic subdivision: India
  • Form subdivision: Miscellanea.

670 ## - SOURCE DATA FOUND

  • Source citation: Work cat.: (dpl)28909: Kakar, Sudhir 28854, India analysed /, 2009

670 ## - SOURCE DATA FOUND

  • Source citation: Work cat.: (dpl)28909: Kakar, Sudhir 28854, India analysed /, 2009

© Delhi Public Library
Hit Counter
free hit counter